[Event "IECC CL5-2015.07 email"]
[Site "IECC email"]
[Date "2016.01.31"]
[Round "?"]
[White "Lambrecht, Roberto"]
[Black "Riccobono, Philip Joseph"]
[Result "1-0"]
[WhiteElo "1461"]
[BlackElo "1427"]
[PlyCount "45"]
[EventDate "2016.??.??"]
[EventType "tourn (corr)"]
[EventRounds "4"]
[SourceTitle "Corr 2020"]
[Source "ChessBase"]
[SourceDate "2019.09.30"]
[SourceVersion "1"]
[SourceVersionDate "2019.09.30"]
[SourceQuality "1"]
[WhiteTeam "Argentina"]
[BlackTeam "United States"]
[WhiteTeamCountry "ARG"]
[BlackTeamCountry "USA"]

1. e4 c5 2. Nf3 e6 3. d4 cxd4 4. Nxd4 Nc6 5. Nc3 Qc7 6. Be2 a6 7. Be3 Nf6 8. 0-0 Bb4 9. Nxc6 bxc6 10. Qd4 Bd6 11. f4 e5 12. Qd2 0-0 13. Rad1 Be7 14. fxe5 Qxe5 15. Bf4 Qe6 16. e5 Ne8 17. b3 c5 18. Bc4 Qb6 19. Nd5 Qd8 20. Nxe7+ Kh8 21. Bg5 f6 22. Ng6+ hxg6 23. Rf4 1-0

[Event "IECC Swiss-575.2"]
[Site "IECC email"]
[Date "2016.01.03"]
[Round "?"]
[White "Lambrecht, Roberto"]
[Black "Scholz, Michael"]
[Result "1/2-1/2"]
[WhiteElo "1558"]
[BlackElo "1448"]
[PlyCount "94"]
[EventDate "2016.??.??"]
[EventType "swiss (corr)"]
[EventRounds "1"]
[SourceTitle "Corr 2020"]
[Source "ChessBase"]
[SourceDate "2019.09.30"]
[SourceVersion "1"]
[SourceVersionDate "2019.09.30"]
[SourceQuality "1"]
[WhiteTeam "Argentina"]
[BlackTeam "Germany"]
[WhiteTeamCountry "ARG"]
[BlackTeamCountry "GER"]

1. d4 Nf6 2. Bg5 d5 3. Bxf6 exf6 4. e3 Bd6 5. g3 c6 6. Bg2 f5 7. Ne2 Nd7 8. 0-0 0-0 9. b3 Nf6 10. c4 Be6 11. c5 Bc7 12. Nf4 Bxf4 13. exf4 Re8 14. Re1 Bd7 15. Rxe8+ Qxe8 16. Nd2 b6 17. Nf3 bxc5 18. dxc5 a5 19. Ne5 Ng4 20. Nd3 Qb8 21. Qc2 Qc7 22. Re1 Be6 23. Nc1 Qe7 24. Qc3 Nf6 25. Bf1 Ne4 26. Qd4 Nxc5 27. Qe3 Qd6 28. Ne2 Bd7 29. Nd4 Ne4 30. f3 Nf6 31. Rc1 Rc8 32. Rc2 a4 33. bxa4 c5 34. Nb5 Qe6 35. Kf2 Qxe3+ 36. Kxe3 Bxb5 37. axb5 Nd7 38. a4 Re8+ 39. Kf2 Ra8 40. b6 Nxb6 41. Rxc5 Nxa4 42. Rxd5 g6 43. g4 fxg4 44. fxg4 Kg7 45. g5 Nc3 46. Rd4 Ra2+ 47. Kg3 Ne2+ 1/2-1/2

[Event "IECC CL5-2015.04 email"]
[Site "IECC email"]
[Date "2015.08.30"]
[Round "?"]
[White "Lambrecht, Roberto"]
[Black "Baez, Jorge Luis"]
[Result "1/2-1/2"]
[WhiteElo "1475"]
[BlackElo "1556"]
[PlyCount "86"]
[EventDate "2015.??.??"]
[EventType "tourn (corr)"]
[EventRounds "4"]
[SourceTitle "Corr 2020"]
[Source "ChessBase"]
[SourceDate "2019.09.30"]
[SourceVersion "1"]
[SourceVersionDate "2019.09.30"]
[SourceQuality "1"]
[WhiteTeam "Argentina"]
[BlackTeam "Colombia"]
[WhiteTeamCountry "ARG"]
[BlackTeamCountry "COL"]

1. e4 c5 2. Nf3 Nc6 3. d4 cxd4 4. Nxd4 e5 5. Nb3 Bb4+ 6. c3 Be7 7. Be2 Nf6 8. Bf3 0-0 9. 0-0 h6 10. Be3 a5 11. a4 b6 12. Re1 Ba6 13. Na3 Qc7 14. Nb5 Bxb5 15. axb5 Nd8 16. Qc2 a4 17. Nd2 a3 18. Be2 d5 19. exd5 Nxd5 20. Bf3 Nxe3 21. Rxe3 Ra5 22. Be4 Bg5 23. Ree1 Bxd2 24. Qxd2 Ne6 25. Rxa3 Rd8 26. Qe3 Rxa3 27. bxa3 Qc5 28. c4 Qxe3 29. fxe3 Nc5 30. Bd5 Rd7 31. Rf1 Kf8 32. e4 f6 33. Rf3 Ke7 34. Kf2 Kf8 35. Rg3 g5 36. h4 Kg7 37. h5 f5 38. exf5 Kf6 39. Ke3 Ra7 40. Ke2 e4 41. Be6 Ke5 42. Rc3 Na4 43. Re3 Nc5 1/2-1/2

[Event "IECC Swiss-575.1"]
[Site "IECC email"]
[Date "2015.06.15"]
[Round "?"]
[White "Michael, Holger"]
[Black "Lambrecht, Roberto"]
[Result "1/2-1/2"]
[WhiteElo "1569"]
[BlackElo "1422"]
[PlyCount "102"]
[EventDate "2015.??.??"]
[EventType "swiss (corr)"]
[EventRounds "1"]
[SourceTitle "Corr 2020"]
[Source "ChessBase"]
[SourceDate "2019.09.30"]
[SourceVersion "1"]
[SourceVersionDate "2019.09.30"]
[SourceQuality "1"]
[WhiteTeam "Germany"]
[BlackTeam "Argentina"]
[WhiteTeamCountry "GER"]
[BlackTeamCountry "ARG"]

1. e4 c5 2. Nf3 d6 3. Bc4 Nf6 4. Nc3 e6 5. d4 cxd4 6. Nxd4 a6 7. 0-0 Be7 8. Qf3 Qc7 9. Be2 Nc6 10. Rd1 0-0 11. Qg3 Kh8 12. Be3 Bd7 13. Nxc6 Bxc6 14. f3 h6 15. Rd2 Rac8 16. Rad1 b5 17. a3 d5 18. Qxc7 Rxc7 19. exd5 Nxd5 20. Nxd5 Bxd5 21. f4 Rfc8 22. c3 Kh7 23. g3 Bb3 24. Re1 Rd8 25. Bd3+ Kh8 26. Ree2 Rcd7 27. Be4 Bd5 28. Bb6 Bxe4 29. Bxd8 Bc5+ 30. Kf1 Bd3 31. Ba5 Bxe2+ 32. Kxe2 Rxd2+ 33. Kxd2 Bg1 34. Ke2 f6 35. Kf3 g6 36. h3 Kg7 37. Bb4 Kf7 38. g4 f5 39. Bd6 Ke8 40. b3 a5 41. a4 bxa4 42. bxa4 Bb6 43. Be5 Kd7 44. g5 h5 45. Ke2 Kc6 46. Kd3 Bc5 47. c4 Bb4 48. Kd4 Kd7 49. c5 Ba3 50. Bd6 Bb2+ 51. Kc4 Kc6 1/2-1/2

[Event "IECC CL6-2015.04 email"]
[Site "IECC email"]
[Date "2015.06.14"]
[Round "?"]
[White "Cook, Phil"]
[Black "Lambrecht, Roberto"]
[Result "1/2-1/2"]
[WhiteElo "1473"]
[BlackElo "1419"]
[PlyCount "89"]
[EventDate "2015.??.??"]
[EventType "tourn (corr)"]
[EventRounds "4"]
[SourceTitle "Corr 2020"]
[Source "ChessBase"]
[SourceDate "2019.09.30"]
[SourceVersion "1"]
[SourceVersionDate "2019.09.30"]
[SourceQuality "1"]
[WhiteTeam "New Zealand"]
[BlackTeam "Argentina"]
[WhiteTeamCountry "NZL"]
[BlackTeamCountry "ARG"]

1. c4 e5 2. Nc3 Nf6 3. Nf3 Nc6 4. g3 d5 5. cxd5 Nxd5 6. d3 Be7 7. Nxd5 Qxd5 8. Bg2 0-0 9. 0-0 a5 10. Be3 Qb5 11. Qc2 Be6 12. Ng5 Bxg5 13. Bxg5 Nd4 14. Qd2 Qb4 15. Rfd1 Bg4 16. f3 Qb6 17. Be3 Bd7 18. Bf2 Bc6 19. Re1 Rfe8 20. Rac1 h6 21. e4 Rad8 22. f4 Bb5 23. Qc3 Ba6 24. fxe5 c6 25. Kh1 Rxe5 26. Be3 Qb4 27. Kg1 Rb5 28. b3 Qxc3 29. Rxc3 a4 30. Rc4 axb3 31. axb3 c5 32. b4 Rxb4 33. Rxc5 Bxd3 34. Rd5 Rxd5 35. exd5 Nc2 36. Bd2 Nxe1 37. Bxb4 Nxg2 38. d6 Bb5 39. Kxg2 f6 40. Ba5 Kf7 41. Bd8 Ke8 42. Be7 h5 43. Kf2 Ba6 44. Ke3 b5 45. Kd2 1/2-1/2

[Event "IECC CL6-2006.16 email"]
[Site "IECC email"]
[Date "2006.10.31"]
[Round "?"]
[White "Detain, Tom"]
[Black "Lambrecht, Roberto"]
[Result "0-1"]
[WhiteElo "1262"]
[BlackElo "1230"]
[PlyCount "30"]
[EventDate "2006.??.??"]
[EventType "tourn (corr)"]
[EventRounds "4"]
[SourceTitle "Corr 2020"]
[Source "ChessBase"]
[SourceDate "2019.09.30"]
[SourceVersion "1"]
[SourceVersionDate "2019.09.30"]
[SourceQuality "1"]
[WhiteTeam "England"]
[BlackTeam "Argentina"]
[WhiteTeamCountry "ENG"]
[BlackTeamCountry "ARG"]

1. c4 e5 2. Nc3 Nf6 3. g3 d5 4. cxd5 Nxd5 5. Bg2 Nb6 6. e3 Nc6 7. Nge2 Be7 8. 0-0 0-0 9. d4 exd4 10. Nxd4 Nxd4 11. Qxd4 c6 12. a3 Be6 13. b4 Bf6 14. Qxd8 Rfxd8 15. Bb2 Nc4 0-1

[Event "IECC CL6-2006.16 email"]
[Site "IECC email"]
[Date "2006.10.31"]
[Round "?"]
[White "Lambrecht, Roberto"]
[Black "Ghikas, Athanassios"]
[Result "1-0"]
[WhiteElo "1212"]
[BlackElo "1265"]
[PlyCount "27"]
[EventDate "2006.??.??"]
[EventType "tourn (corr)"]
[EventRounds "4"]
[SourceTitle "Corr 2020"]
[Source "ChessBase"]
[SourceDate "2019.09.30"]
[SourceVersion "1"]
[SourceVersionDate "2019.09.30"]
[SourceQuality "1"]
[WhiteTeam "Argentina"]
[BlackTeam "Greece"]
[WhiteTeamCountry "ARG"]
[BlackTeamCountry "GRE"]

1. e4 c6 2. d4 d5 3. Nc3 dxe4 4. Nxe4 Bf5 5. Ng3 Bg6 6. Nf3 e6 7. h4 Bd6 8. h5 Bf5 9. Nxf5 exf5 10. Bd3 g6 11. Bg5 Nf6 12. Qe2+ Kf8 13. hxg6 fxg6 14. Bh6+ 1-0

[Event "IECC CL7-2006.13 email"]
[Site "IECC email"]
[Date "2006.08.20"]
[Round "?"]
[White "Lambrecht, Roberto"]
[Black "Weaver, Matthew"]
[Result "1-0"]
[WhiteElo "1165"]
[BlackElo "1103"]
[PlyCount "25"]
[EventDate "2006.??.??"]
[EventType "tourn (corr)"]
[EventRounds "4"]
[SourceTitle "Corr 2020"]
[Source "ChessBase"]
[SourceDate "2019.09.30"]
[SourceVersion "1"]
[SourceVersionDate "2019.09.30"]
[SourceQuality "1"]
[WhiteTeam "Argentina"]
[BlackTeam "United States"]
[WhiteTeamCountry "ARG"]
[BlackTeamCountry "USA"]

1. e4 e6 2. d4 d5 3. Nc3 Nf6 4. Bg5 Be7 5. e5 Nfd7 6. Bxe7 Qxe7 7. f4 c5 8. Nb5 Nb6 9. Nd6+ Kd8 10. dxc5 Na4 11. Qd4 Nxb2 12. Qxb2 Nc6 13. Nf3 1-0

[Event "IECC CL7-2006.12 email"]
[Site "IECC email"]
[Date "2006.08.02"]
[Round "?"]
[White "Spiliopoulos, Panagiotis"]
[Black "Lambrecht, Roberto"]
[Result "1-0"]
[WhiteElo "1141"]
[BlackElo "1224"]
[PlyCount "67"]
[EventDate "2006.??.??"]
[EventType "tourn (corr)"]
[EventRounds "4"]
[SourceTitle "Corr 2020"]
[Source "ChessBase"]
[SourceDate "2019.09.30"]
[SourceVersion "1"]
[SourceVersionDate "2019.09.30"]
[SourceQuality "1"]
[WhiteTeam "Greece"]
[BlackTeam "Argentina"]
[WhiteTeamCountry "GRE"]
[BlackTeamCountry "ARG"]

1. e4 e5 2. Bc4 Nf6 3. d3 Nc6 4. Nc3 Bc5 5. f4 d6 6. Nf3 Bg4 7. Na4 Bb6 8. Nxb6 axb6 9. c3 0-0 10. 0-0 d5 11. exd5 Nxd5 12. h3 Bh5 13. g4 Bxg4 14. hxg4 Nxf4 15. d4 Qe7 16. Bxf4 exf4 17. Qd2 Qf6 18. a3 Rae8 19. Rae1 h6 20. Rxe8 Rxe8 21. Re1 Rxe1+ 22. Qxe1 g5 23. Qe8+ Kg7 24. Ne5 Nxe5 25. Qxe5 Qxe5 26. dxe5 Kf8 27. a4 Ke7 28. Kf2 c6 29. Kf3 Ke8 30. Ke4 Kf8 31. Be2 Ke8 32. Kf5 Ke7 33. b4 b5 34. a5 1-0

[Event "IECC CL7-2006.08 email"]
[Site "IECC email"]
[Date "2006.04.19"]
[Round "?"]
[White "Lambrecht, Roberto"]
[Black "Paine, Kevin"]
[Result "1-0"]
[WhiteElo "1124"]
[BlackElo "1062"]
[PlyCount "71"]
[EventDate "2006.??.??"]
[EventType "tourn (corr)"]
[EventRounds "4"]
[SourceTitle "Corr 2020"]
[Source "ChessBase"]
[SourceDate "2019.09.30"]
[SourceVersion "1"]
[SourceVersionDate "2019.09.30"]
[SourceQuality "1"]
[WhiteTeam "Argentina"]
[BlackTeam "Scotland"]
[WhiteTeamCountry "ARG"]
[BlackTeamCountry "SCO"]

1. e4 e5 2. Nf3 Nc6 3. Bb5 a6 4. Ba4 Nf6 5. 0-0 Be7 6. Re1 b5 7. Bb3 d6 8. c3 0-0 9. h3 Na5 10. Bc2 c5 11. d4 Nd7 12. Nbd2 exd4 13. cxd4 Nc6 14. d5 Nce5 15. Nxe5 Nxe5 16. a4 Rb8 17. f4 Ng6 18. Nf3 Bh4 19. Nxh4 Qxh4 20. f5 Ne5 21. Rf1 Bd7 22. Qe1 Qxe1 23. Rxe1 b4 24. b3 a5 25. Bf4 f6 26. Bxe5 fxe5 27. Bd3 h6 28. g4 Kf7 29. Kf2 Kf6 30. h4 Kf7 31. Rg1 Rh8 32. Ke3 Ke7 33. Ra2 Kf7 34. Rag2 Rbg8 35. h5 Kf6 36. Bb5 1-0

[Event "IECC CL7-2006.04 email"]
[Site "IECC email"]
[Date "2006.03.11"]
[Round "?"]
[White "Lambrecht, Roberto"]
[Black "Evans, Charlie"]
[Result "1-0"]
[WhiteElo "1081"]
[BlackElo "1017"]
[PlyCount "61"]
[EventDate "2006.??.??"]
[EventType "tourn (corr)"]
[EventRounds "4"]
[SourceTitle "Corr 2020"]
[Source "ChessBase"]
[SourceDate "2019.09.30"]
[SourceVersion "1"]
[SourceVersionDate "2019.09.30"]
[SourceQuality "1"]
[WhiteTeam "Argentina"]
[BlackTeam "United States"]
[WhiteTeamCountry "ARG"]
[BlackTeamCountry "USA"]

1. e4 e5 2. Nf3 Nc6 3. Bb5 a6 4. Ba4 Nf6 5. 0-0 Bc5 6. c3 Nxe4 7. d4 exd4 8. cxd4 Ba7 9. Re1 Qe7 10. Nc3 f5 11. Ng5 Qf6 12. f3 Qxd4+ 13. Qxd4 Nxd4 14. Kh1 0-0 15. fxe4 d6 16. Be3 b5 17. Bxd4 bxa4 18. Bxa7 Rxa7 19. exf5 Bxf5 20. Nd5 Bg6 21. Ne7+ Kh8 22. Nxg6+ hxg6 23. Re7 Rb7 24. h4 Rxb2 25. Rxc7 Rb4 26. g3 d5 27. Rd7 Rd4 28. Ne6 Rf3 29. Rd8+ Kh7 30. Ng5+ Kh6 31. Rh8# 1-0